000 00857nam a22002417a 4500
001 3317
003 FISKH
005 20240227104447.0
008 240227b cb ||||| |||| 00| 0 eng d
040 _aFISK
_beng
_cFISK
_dFISK
050 _aPZ7.C6837
082 _a813.6
100 _aCollins Suzanne
_d1962
245 _aGregor and the Marks of Secret /
_cSuzanne Collins
260 _aLondon :
_bSuzanne Collins,
_c2006
300 _a264 pages :
_b21 cm :
490 _3The underland chronicles
_aBook 4
501 _aO
520 _aTwelve-year-old Gregor returns to the world beneath New York City, where he joins forces with Princess Lexa and Ripred the rat to defend the Underlanders and the Nibblers from the army led by the adolescent rat king, the Bane.
521 8 _a730
_bO
700 _aSuzanne Collins
942 _2ddc
_cBK
_n0
999 _c3317
_d3317